00282nam a2200121Ia 4500008004100000082001700041100002000058245003400078250000800112260002300120300000900143650000800152191201s2011 xx 000 0 und d a005.133bSCJ aSCHILDT,Herbert 0aJAVA 2 The Complete Reference aRep aN.DelhibTMHc2011 a1154 aMCA